|
|
|
|
| LEADER |
00000nam0a2200000 4500 |
| 001 |
301385 |
| 005 |
20231102001409.0 |
| 035 |
|
|
|a (RuTPU)RU\TPU\book\326557
|
| 090 |
|
|
|a 301385
|
| 100 |
|
|
|a 20150730d1957 km y0rusy50 ca
|
| 101 |
0 |
|
|a rus
|
| 102 |
|
|
|a RU
|
| 105 |
|
|
|a ac z 011zb
|
| 200 |
1 |
|
|a Иван Алексеевич Каблуков
|f Ю. И. Соловьев, М. И. Каблукова, Е. В. Колесников
|g Академия наук СССР (АН СССР), Институт истории естествознания и техники (ИИЕТ АН СССР)
|
| 210 |
|
|
|a Москва
|c Изд-во Академии наук СССР
|d 1957
|
| 215 |
|
|
|a 210 с.
|c ил.
|
| 300 |
|
|
|a 100 лет со дня рождения. 1857-1957
|
| 320 |
|
|
|a Библиогр.: с. 190-209.
|
| 600 |
|
1 |
|a Каблуков
|b И. А.
|c российский физико-химик
|c почетный член АН СССР (1932)
|f 1857-1942
|g Иван Алексеевич
|2 stltpush
|3 (RuTPU)RU\TPU\pers\17678
|
| 606 |
1 |
|
|a Химики
|x Персоналии
|2 stltpush
|3 (RuTPU)RU\TPU\subj\69968
|9 84576
|
| 610 |
1 |
|
|a химическая наука
|
| 610 |
1 |
|
|a история
|
| 610 |
1 |
|
|a Россия
|
| 610 |
1 |
|
|a СССР
|
| 610 |
1 |
|
|a биографии
|
| 675 |
|
|
|a 54(092)
|v 4
|
| 700 |
|
1 |
|a Соловьев
|b Ю. И.
|g Юрий Иванович
|
| 701 |
|
1 |
|a Каблукова
|b М. И.
|g Мария Ивановна
|
| 701 |
|
1 |
|a Колесников
|b Е. В.
|g Евгений Венедиктович
|
| 712 |
0 |
2 |
|a Академия наук СССР (АН СССР)
|b Институт истории естествознания и техники (ИИЕТ АН СССР)
|c (Москва)
|2 stltpush
|3 (RuTPU)RU\TPU\col\8662
|
| 801 |
|
1 |
|a RU
|b 63413507
|c 20150730
|
| 801 |
|
2 |
|a RU
|b 63413507
|c 20150811
|g RCR
|
| 942 |
|
|
|c BK
|